000 00276pab a2200109 454500
008 180718b xxu||||| |||| 00| 0 eng d
100 _aPani, Narendra
245 _aShould the state be reorganised?
650 _aFederal State Relations
773 _aEconomic Times
909 _a23416
999 _c23416
_d23416